Manual de producción orgánica de paltos
-д хадгалсан:
| Үндсэн зохиолч: | |
|---|---|
| Формат: | Ном |
| Хэл сонгох: | испани |
| Хэвлэсэн: |
Santiago
Innova Chile CORFO
2011
|
| Нөхцлүүд: | |
| Шошгууд: |
Шошго нэмэх
Шошго байхгүй, Энэхүү баримтыг шошголох эхний хүн болох!
|
MARC
| LEADER | 00000cam a2200000 a 4500 | ||
|---|---|---|---|
| 001 | UCF3677 | ||
| 003 | CL-VaPUC | ||
| 008 | 121025e20110000CL |||||||||||||||||spa|d | ||
| 082 | 0 | 4 | |a 634.653 |b MUN |2 21 |
| 100 | |a Mundaca C., Rodrigo |e autor |9 565424 | ||
| 245 | 1 | 0 | |a Manual de producción orgánica de paltos |
| 300 | |a 67 p | ||
| 942 | |c BK | ||
| 945 | |d 20121025 00:00:00 |a dcastane | ||
| 260 | |a Santiago |b Innova Chile CORFO |c 2011 | ||
| 650 | 7 | |a PRODUCCION ORGANICA |2 CL-VaPUC |9 418832 | |
| 650 | 0 | |a Agricultura orgánica |9 418833 | |
| 650 | 7 | |a EDAFOLOGIA |2 CL-VaPUC |9 565425 | |
| 650 | 0 | |a Control de plagas |9 327373 | |
| 650 | 0 | |a Comercialización |9 259326 | |
| 650 | 0 | |a Paltas (Aguacates) |9 264279 | |
| 583 | |a last modification |c 20130308 10:29:18 |k Rodrigo Vera | ||
| 999 | |c 349867 |d 349865 | ||
| 952 | |0 0 |1 0 |4 0 |6 634_653000000000000_MUN_2011 |7 0 |8 A |9 452728 |a BIBAGR |b BIBAGR |d 2019-11-22 |i 4919181 |o 634.653 MUN 2011 |p 4919181 |r 2025-01-20 |w 2019-11-22 |y BK |k AGR | ||
| 952 | |0 0 |1 0 |4 0 |6 634_653000000000000_MUN_2011 |7 0 |8 A |9 452729 |a BIBAGR |b BIBAGR |d 2019-11-22 |i 491919K |l 2 |o 634.653 MUN 2011 |p 491919K |r 2025-01-20 |s 2022-03-18 |w 2019-11-22 |y BK |k AGR | ||
| 952 | |0 0 |1 0 |4 0 |6 634_653000000000000_MUN_2011 |7 0 |8 A |9 452730 |a BIBAGR |b BIBAGR |d 2019-11-22 |i 4919203 |o 634.653 MUN 2011 |p 4919203 |r 2025-01-20 |w 2019-11-22 |y BK |k AGR | ||
| 952 | |0 0 |1 0 |4 0 |6 634_653000000000000_MUN_2011 |7 0 |8 A |9 452731 |a BIBAGR |b BIBAGR |d 2019-11-22 |i 4919211 |o 634.653 MUN 2011 |p 4919211 |r 2025-01-20 |w 2019-11-22 |y BK |k AGR | ||
| 952 | |0 0 |1 0 |4 0 |6 634_653000000000000_MUN_2011 |7 0 |8 A |9 452732 |a BIBAGR |b BIBAGR |d 2019-11-22 |i 491922K |l 1 |o 634.653 MUN 2011 |p 491922K |r 2025-01-20 |s 2024-05-13 |w 2019-11-22 |y BK |k AGR | ||
| 952 | |0 0 |1 0 |4 0 |6 634_653000000000000_MUN_2011 |7 0 |8 A |9 452733 |a BIBAGR |b BIBAGR |d 2019-11-22 |i 4919238 |l 1 |o 634.653 MUN 2011 |p 4919238 |r 2025-01-20 |s 2024-10-04 |w 2019-11-22 |y BK |k AGR | ||
| 952 | |0 0 |1 0 |4 0 |6 634_653000000000000_MUN_2011 |7 0 |8 A |9 452734 |a BIBAGR |b BIBAGR |d 2019-11-22 |i 4919246 |o 634.653 MUN 2011 |p 4919246 |r 2025-01-20 |w 2019-11-22 |y BK |k AGR | ||
| 952 | |0 0 |1 0 |4 0 |6 634_653000000000000_MUN_2011 |7 0 |8 A |9 452735 |a BIBAGR |b BIBAGR |d 2019-11-22 |i 4919254 |o 634.653 MUN 2011 |p 4919254 |r 2025-01-20 |w 2019-11-22 |y BK |k AGR | ||
| 952 | |0 0 |1 0 |4 0 |6 634_653000000000000_MUN_2011 |7 0 |8 A |9 452736 |a BIBAGR |b BIBAGR |d 2019-11-22 |i 4919262 |l 1 |o 634.653 MUN 2011 |p 4919262 |r 2025-01-20 |s 2022-11-08 |w 2019-11-22 |y BK |k AGR | ||
| 952 | |0 0 |1 0 |4 0 |6 634_653000000000000_MUN_2011 |7 0 |8 A |9 452737 |a BIBAGR |b BIBAGR |d 2019-11-22 |i 4919270 |o 634.653 MUN 2011 |p 4919270 |r 2025-01-20 |w 2019-11-22 |y BK |k AGR | ||
| 952 | |0 0 |1 0 |4 0 |6 634_653000000000000_MUN_2011 |7 0 |8 A |9 452738 |a BIBAGR |b BIBAGR |d 2019-11-22 |i 4964241 |o 634.653 MUN 2011 |p 4964241 |r 2025-01-20 |w 2019-11-22 |y BK |k AGR | ||